ბათუმის შოთა რუსთაველის სახელმწიფო უნივერსიტეტის ბიბლიოთეკა

თხზულებანი. ორ ტომად. ტ.1 ლექსები,პოემები (ბიბ.ჩანაწერი № 41826)

000 -LEADER
fixed length control field 00738nam a2200217Ia 4500
001 - CONTROL NUMBER
control field 8509
003 - CONTROL NUMBER IDENTIFIER
control field GE_BSU
008 - FIXED-LENGTH DATA ELEMENTS--GENERAL INFORMATION
fixed length control field 181216s||||||||xx |||||||||||||| ||und||
040 ## - CATALOGING SOURCE
Transcribing agency GE_BSU
080 ## - UNIVERSAL DECIMAL CLASSIFICATION NUMBER
Universal Decimal Classification number 821.353.1-1+821.353.1-11
100 ## - MAIN ENTRY--PERSONAL NAME
Personal name ვაკელი,იონა
245 ## - TITLE STATEMENT
Title თხზულებანი. ორ ტომად. ტ.1 ლექსები,პოემები
245 ## - TITLE STATEMENT
Statement of responsibility, etc. რედ. მ.ქოიავა. მხატვ. ლ.ღლონტი
260 ## - PUBLICATION, DISTRIBUTION, ETC.
Place of publication, distribution, etc. თბილისი
260 ## - PUBLICATION, DISTRIBUTION, ETC.
Name of publisher, distributor, etc. მერანი
260 ## - PUBLICATION, DISTRIBUTION, ETC.
Date of publication, distribution, etc. 1975
300 ## - PHYSICAL DESCRIPTION
Extent 459გვ.1ფ. პორტრ.
653 ## - INDEX TERM--UNCONTROLLED
Uncontrolled term თხზულებანი
653 ## - INDEX TERM--UNCONTROLLED
Uncontrolled term ლექსები,პოემები
942 ## - ADDED ENTRY ELEMENTS (KOHA)
Koha item type წიგნი
ეგზემპლარები
Withdrawn status Lost status Damaged status Not for loan Date acquired Barcode Date last seen Price effective from Koha item type
        2018-12-17 30646 2018-12-17 2018-12-17 წიგნი
        2018-12-17 30647 2018-12-17 2018-12-17 წიგნი
        2018-12-17 30648 2018-12-17 2018-12-17 წიგნი